Blow - Kesha - All Lyrics - Statistics

General Stats
  • This quiz has been taken 46 times
  • The average score is 292 of 343
Answer Stats
Answer % Correct
blow
100%
Blow
100%
blow,
100%
(Blow,
100%
(Ha)
100%
Ha-ha
100%
(Oh-oh
100%
oh-oh)
100%
oh-oh
100%
oh-oh-oh
100%
a
97%
about
97%
do
97%
place
97%
(This
97%
This
97%
to
97%
to-)
97%
to-
97%
we
97%
We
97%
and
93%
And
93%
the
93%
you
93%
don't
90%
it
90%
it,
90%
me
90%
me,
90%
No
90%
we're
90%
We're
90%
get
87%
Get
87%
out
87%
on
83%
on)
83%
takin'
83%
want
83%
your
83%
Dance
80%
floor
80%
It's
80%
Now
80%
what?
80%
(What?)
80%
what
80%
around
77%
in
77%
one
77%
one's
77%
over
77%
time
77%
Tonight,
77%
you're
77%
You're
77%
bored
73%
comin'
73%
getting
73%
glitter
73%
glitter,
73%
let
73%
Let
73%
mess
73%
shut
73%
us
73%
with
73%
young
73%
cover
70%
DJ
70%
down
70%
of
70%
'cause
67%
crazy
67%
Dirt
67%
for
67%
free
67%
my
67%
pretty
67%
names
63%
need
63%
sick
63%
taking
63%
control
60%
go
60%
Go
60%
Go-go
60%
go-go
60%
lose
60%
that
60%
Back
57%
Drink
57%
follow
57%
key
57%
kill
57%
lights
57%
mind
57%
door
53%
lead
53%
VIP
53%
Kool-Aid,
50%
make
50%
(Come
47%
sleaze
47%
are
43%
cracked,
43%
rain
43%
'em
40%
insane,
40%
insane
40%
them
40%
see
37%
hands
33%
some
33%
Throw
27%
used
17%
okay?
7%
No matching quizzes found
Score Distribution
Percent of People with Each Score
Percentile by Number Answered
Your Score History
You have not taken this quiz